Report of the Mobility Taskforce (Record no. 110948)

MARC details
000 -LEADER
fixed length control field 01266cad a22002175a 4500
001 - CONTROL NUMBER
control field L150698
008 - FIXED-LENGTH DATA ELEMENTS--GENERAL INFORMATION
fixed length control field 100819s2010 xxk f 000 0 eng d
035 ## - SYSTEM CONTROL NUMBER
System control number (Sirsi) u150698
041 0# - LANGUAGE CODE
Language code of text/sound track or separate title eng
050 04 - LIBRARY OF CONGRESS CALL NUMBER
Classification number 306.1 $2 18
110 2# - MAIN ENTRY--CORPORATE NAME
Corporate name or jurisdiction name as entry element National Housing Federation
9 (RLIN) 695
245 00 - TITLE STATEMENT
Title Report of the Mobility Taskforce
Medium [electronic resource]
260 ## - PUBLICATION, DISTRIBUTION, ETC.
Place of publication, distribution, etc. [S.l]
Name of publisher, distributor, etc. NHF
Date of publication, distribution, etc. 2010
505 2# - FORMATTED CONTENTS NOTE
Formatted contents note Introduction -- Background -- Expanding number of moves through mutual exchange schemes -- Increasing number of transfers and avoiding storing up problems
520 ## - SUMMARY, ETC.
Summary, etc. Mobility Taskforce set up by the National Housing Federation to ease the transfer of social tenants living in properties managed by local authorities, arms length management organisations (ALMOs) co-ops and housing associations wishing to move. Notes current methods such as mutual exchanges (swaps) and transfers through existing housing stock whilst highlighting the shortage of new affordable housing.
590 ## - LOCAL NOTE (RLIN)
Local note KA NTK
651 #4 - SUBJECT ADDED ENTRY--GEOGRAPHIC NAME
Geographic name ENGLAND AND WALES
690 ## - LOCAL SUBJECT ADDED ENTRY--TOPICAL TERM (OCLC, RLIN)
Topical term or geographic name as entry element Residential property
9 (RLIN) 6266
856 40 - ELECTRONIC LOCATION AND ACCESS
Uniform Resource Identifier <a href="https://www.housing.org.uk/Uploads/File/Policy%20briefings/Neighbourhoods/Mobility%20Taskforce%20report%20August2010.pdf">https://www.housing.org.uk/Uploads/File/Policy%20briefings/Neighbourhoods/Mobility%20Taskforce%20report%20August2010.pdf</a>
Public note View this item free of charge at www.housing.org
942 ## - ADDED ENTRY ELEMENTS (KOHA)
Suppress in OPAC 0
Source of classification or shelving scheme Dewey Decimal Classification
Holdings
Withdrawn status Lost status Source of classification or shelving scheme Damaged status Not for loan Home library Current library Shelving location Date acquired Total Checkouts Full call number Barcode Date last seen Copy number Price effective from Koha item type
    Dewey Decimal Classification     Virtual Virtual Online 19/08/2010   ONLINE PUBLICATION 150698-2001 06/08/2019 1 06/08/2019 Book